KOHA-Header-6

Business Environments and Markets (Record no. 13657)

000 -LEADER
fixed length control field 00316nam a22001337a 4500
020 ## - INTERNATIONAL STANDARD BOOK NUMBER
ISBN 9781307453607
082 ## - DEWEY DECIMAL CLASSIFICATION NUMBER
Classification number 338.7
100 ## - MAIN ENTRY--AUTHOR NAME
Personal name Claire Lambert
245 ## - TITLE STATEMENT
Title Business Environments and Markets
250 ## - EDITION STATEMENT
Edition statement 2nd edition
260 ## - PUBLICATION, DISTRIBUTION, ETC. (IMPRINT)
Place of publication Australia
Name of publisher McGraw Hill Education
Year of publication 2019
300 ## - PHYSICAL DESCRIPTION
Number of Pages 329 pages
942 ## - ADDED ENTRY ELEMENTS (KOHA)
Koha item type Books
Holdings
Withdrawn status Lost status Collection code Permanent Location Current Location Shelving location Date acquired Full call number Accession Number Koha item type
    Marketing MAJU MAJU Shelf No.A-3 2023-01-12 338.7 10758 Books

Powered by Koha